Enciclopedia de las ciencias filosóficas en compendio: para uso de sus clases

保存先:
書誌詳細
第一著者: Hegel, Georg Wilhelm Friedrich (autor)
フォーマット: 図書
言語:スペイン語
出版事項: Madrid Alianza 1999
シリーズ:Colección Filosofía y Pensamiento Ensayo, 99
主題:
タグ: タグ追加
タグなし, このレコードへの初めてのタグを付けませんか!

MARC

LEADER 00000cam a2200000 a 4500
001 UCO0601
003 CL-VaPUC
008 000420e19990000SP |||||||||||||||||spa|d
082 0 4 |a 193  |b HEG  |2 21 
100 |a Hegel, Georg Wilhelm Friedrich  |e autor  |9 580639 
245 1 0 |a Enciclopedia de las ciencias filosóficas en compendio: para uso de sus clases 
300 |a 630 p 
942 |c BK 
945 |d 20000420 00:00:00  |a rbrito 
260 |a Madrid  |b Alianza  |c 1999 
650 0 |a Filosofía alemana   |9 265002 
650 0 |a Lógica  |9 256849 
650 0 |a Filosofía de la naturaleza  |9 265899 
650 0 |a Espiritualidad   |9 267331 
583 |a last modification  |c 20120831 01:48:42  |k Rodrigo Vera 
490 0 |a Colección Filosofía y Pensamiento Ensayo, 99 
999 |c 287253  |d 287251 
952 |0 0  |1 0  |4 0  |6 193_000000000000000_HEG_1999  |7 0  |8 R  |9 333755  |a BIBEDU  |b BIBEDU  |c MCIRC  |d 2019-11-20  |i 3608530  |o 193 HEG 1999  |p 3608530  |r 2023-01-13  |w 2019-11-20  |y BK_R  |k FIL 
952 |0 0  |1 0  |4 0  |6 193_000000000000000_HEG_1999  |7 0  |8 R  |9 333756  |a BIBEDU  |b BIBEDU  |c MCIRC  |d 2019-11-20  |i 3647145  |o 193 HEG 1999  |p 3647145  |r 2023-01-13  |w 2019-11-20  |y BK_R  |k BME 
952 |0 0  |1 0  |4 0  |6 193_000000000000000_HEG_1999  |7 0  |8 R  |9 333757  |a BIBEDU  |b BIBEDU  |c MCIRC  |d 2019-11-20  |i 4900618  |o 193 HEG 1999  |p 4900618  |r 2023-01-13  |w 2019-11-20  |y BK_R  |k PSI 
952 |0 0  |1 0  |4 0  |6 193_000000000000000_HEG_1999  |7 0  |8 R  |9 333758  |a BIBEDU  |b BIBEDU  |c MCIRC  |d 2019-11-20  |i 4900626  |o 193 HEG 1999  |p 4900626  |r 2023-01-13  |w 2019-11-20  |y BK_R  |k PSI